01787cam a22003615a 45000010009000000050017000090080041000260100017000670200030000840200045001140400033001590430012001920820029002042450165002332600063003983000036004614900074004975000020005715000030005915040031006215200253006526500046009056500058009516500049010096510048010586530025011066550024011317000037011557100072011929420008012649990017012729520136012891796050320161227102930.0131202s2014 paua frb 001 0 eng d a 2013044806 a9781466652101 (hardcover) z9781466652132 (print & perpetual access) aDLCbengcDLCdDLCdEG-ScBUE ama-----04a338.92609174927bKNO22200aKnowledge-based economic policy development in the Arab world /cedited by Ahmed Driouchi ; Forum Euroméditerranéen des Instituts de Sciences Économiques. aHershey :bBusiness Science Reference / IGI Global,c2014. axxiii, 439 p. :bill. ;c30 cm.0 aAdvances in finance, accounting, and economics book series,x23275677 aIncludes index. aPremier Reference Source. aBibliography : p. 411-432. a"This book focuses on knowledge economy as the most important engine for economic growth and development under the globalizing world economies and analyzes the major issues that constrain further access to knowledge economy in the Arab countries"-- 0aKnowledge economyzArab countries.2BUEsh 0aEconomic development projectszArab countries.2BUEsh 0aEconomic developmentzArab countries.2BUEsh 0aArab countriesxEconomic conditions.2BUEsh bBUSECOcDecember2016 vReading book9342321 aDriouchi, Ahmed,d1948-eeditor.2 aForum Euroméditerranéen des Instituts de Sciences Économiques 2ddc c23753d23725 00102ddc40708BaccahaMAINbMAINc1STd2016-12-27ePurchaseg1180.00l0o338.92609174927 KNOp000040616r2025-07-15 00:00:00yNB